000 00652cam a2200193 4500500
005 20260111080419.0
041 _afre
042 _adc
100 1 0 _aLe Clainche, Michel
_eauthor
700 1 0 _aGaullier-Camus, Florent
_eauthor
245 0 0 _aPour une stratégie numérique publique
260 _c2020.
500 _a76
690 _aadministration numérique
690 _amanagement public
690 _astratégie numérique
786 0 _nGestion & Finances Publiques | 3 | 3 | 2020-06-22 | p. 54-63 | 1969-1009
856 4 1 _uhttps://droit.cairn.info/revue-gestion-et-finances-publiques-2020-3-page-54?lang=fr&redirect-ssocas=7080
999 _c1616280
_d1616280